书目信息 |
| 题名: |
品牌店设计
|
|
| 作者: | 金霑 摄影 ;郭成瑶 撰文 | |
| 分册: | ||
| 出版信息: | 沈阳 辽宁科学技术出版社 2006.07 |
|
| 页数: | 267页 | |
| 开本: | 30cm | |
| 丛书名: | ||
| 单 册: | ||
| 中图分类: | TU247.2-64 | |
| 科图分类: | ||
| 主题词: | 专卖--zhuan mai--商店--室内设计--图集 | |
| 电子资源: | ||
| ISBN: | 7-5381-4767-5 | |
| 000 | 00924nam0 2200241 450 | |
| 001 | 012006238139 | |
| 005 | 20061130162233.40 | |
| 010 | @a7-5381-4767-5@b精装@dCNY228.00 | |
| 100 | @a20061109d2006 km y0chiy0120 ea | |
| 101 | 0 | @achi@aeng |
| 102 | @aCN@b210000 | |
| 105 | @aa z 000yy | |
| 200 | 1 | @a品牌店设计@Apin pai dian she ji@d= Speciality shop design@f金霑摄影@Fjin zhan she ying@g郭成瑶撰文@Gguo cheng yao zhuan wen@zeng |
| 210 | @a沈阳@c辽宁科学技术出版社@d2006.07 | |
| 215 | @a267页@c图@d30cm | |
| 330 | @a本书介绍了国外65家知名品牌商店的装饰设计风格,其中有服装、鞋帽、运动器材等,这些装饰风格独具特色,对我国从事商店室内装饰人员颇有参考价值。 | |
| 510 | 1 | @aSpeciality shop design@zeng |
| 606 | 0 | @a专卖@Azhuan mai@x商店@x室内设计@j图集 |
| 690 | @aTU247.2-64@v4 | |
| 701 | 0 | @a金霑@Ajin zhan@4摄影 |
| 702 | 0 | @a郭成瑶@Aguo cheng yao@4撰文 |
| 801 | 0 | @aCN@c20061130 |
| 905 | @apdsgxy@dTU247.2-64@eJ835 | |
| 品牌店设计= Speciality shop design/金霑摄影/郭成瑶撰文.-沈阳:辽宁科学技术出版社,2006.07 |
| 267页:图;30cm |
| ISBN 7-5381-4767-5(精装):CNY228.00 |
| 本书介绍了国外65家知名品牌商店的装饰设计风格,其中有服装、鞋帽、运动器材等,这些装饰风格独具特色,对我国从事商店室内装饰人员颇有参考价值。 |
| ● |
| 相关链接 |
|
|
|
正题名:品牌店设计
索取号:TU247.2-64/J835
 
预约/预借
| 序号 | 登录号 | 条形码 | 馆藏地/架位号 | 状态 | 备注 |
| 1 | 227320 | 202273208 | 建筑库101/101建筑库 69排2列3层/ [索取号:TU247.2-64/J835] | 在馆 |